| 000 | 00401nam a22001577a 4500 | ||
|---|---|---|---|
| 003 | OSt | ||
| 005 | 20180213111803.0 | ||
| 008 | 180213b xxu||||| |||| 00| 0 fre d | ||
| 040 | _aLB-BrCRDP | ||
| 082 | _a370.19 J21e | ||
| 100 | _aEmile Jadot | ||
| 245 | _aL'Ecole ouverte sur la vie | ||
| 260 |
_aLiege _bEditions Desoer _c1952 |
||
| 300 |
_a83p _bIllust. Bricteaux-RomiƩe _c24cm |
||
| 942 |
_2ddc _cBK |
||
| 999 |
_c18607 _d18607 |
||